000 00600nam a2200241Ia 4500
005 20260306150921.0
008 008 260114s9999 xx 000 0 eng d
020 _a9783954872374
037 _aEbook
040 _aCRL
040 _beng
040 _cCRL
041 _2eng
041 _aeng
084 _qCRL
245 0 _aGiuseppe Parini (1729-1799) en el pasado y en el presente
260 _bVervuert Verlagsgesellschaft
260 _c2010
650 _aLiterary Studies
856 _uhttps://www.degruyter.com/isbn/9783954872374
942 _cEBOOK
999 _c1700720
_d1700720